| Tag |
First Indicator |
Second Indicator |
Subfields |
| LEADER |
00000cas a2200000 a 4500 |
| 001 |
in00001596310 |
| 005 |
20151022165032.0 |
| 008 |
930805c19939999mduqr p 0 a0eng c |
| 010 |
|
|
|a 94658521
|z sn 93002956
|
| 016 |
7 |
|
|a 9502505
|2 DNLM
|
| 016 |
7 |
|
|a SR0079941
|2 DNLM
|
| 016 |
7 |
|
|a 010487985
|2 Uk
|
| 022 |
0 |
|
|a 1071-2089
|l 1071-2089
|2 1
|
| 029 |
1 |
|
|a NLM
|b 9502505
|
| 029 |
1 |
|
|a NLGGC
|b 113751222
|
| 029 |
1 |
|
|a NZ1
|b 1680252
|
| 029 |
1 |
|
|a AU@
|b 000010932303
|
| 035 |
|
|
|a (OCoLC)ocm28571891
|
| 037 |
|
|
|b Bellwether Pub., 8640 Guilford Rd., Ste. 200, Columbia, MD 21046
|
| 040 |
|
|
|a NSD
|c NSD
|d DLC
|d COO
|d OCL
|d DLC
|d WAU
|d NLM
|d DLC
|d LYU
|d NYG
|d NLM
|d DLC
|d NLGGC
|d CUS
|d OCLCQ
|d BUF
|d UKMGB
|d UtOrBLW
|
| 042 |
|
|
|a nsdp
|a pcc
|
| 049 |
|
|
|a TXAM
|
| 050 |
0 |
0 |
|a R726.7
|b .J67
|
| 060 |
0 |
0 |
|a W1
|b JO539PG
|
| 082 |
0 |
0 |
|a 616/.001/9
|2 20
|
| 210 |
0 |
|
|a J. appl. biobehav. res.
|
| 222 |
|
0 |
|a Journal of applied biobehavioral research
|
| 245 |
0 |
0 |
|a Journal of applied biobehavioral research.
|
| 264 |
|
1 |
|a Columbia, MD :
|b Bellwether Pub.,
|c 1993-
|
| 300 |
|
|
|a volumes :
|b illustrations ;
|c 24 cm.
|
| 310 |
|
|
|a Quarterly,
|b 2004-
|
| 321 |
|
|
|a Semiannual,
|b -2003
|
| 336 |
|
|
|a text
|b txt
|2 rdacontent
|
| 337 |
|
|
|a unmediated
|b n
|2 rdamedia
|
| 338 |
|
|
|a volume
|b nc
|2 rdacarrier
|
| 362 |
0 |
|
|a Vol. 1, no. 1-
|
| 500 |
|
|
|a Title from cover.
|
| 500 |
|
|
|a Latest issue consulted: Volume 7, number 2 (2002).
|
| 515 |
|
|
|a Vol. two (1994) published in one issue.
|
| 515 |
|
|
|a None published 1995-1997.
|
| 530 |
|
|
|a Also available online.
|
| 650 |
|
0 |
|a Clinical health psychology
|v Periodicals.
|
| 650 |
|
0 |
|a Psychophysiology
|v Periodicals.
|
| 650 |
|
0 |
|a Behaviorism (Psychology)
|v Periodicals.
|
| 650 |
|
2 |
|a Behavioral Sciences
|v Periodicals.
|
| 650 |
|
2 |
|a Biology
|v Periodicals.
|
| 650 |
|
2 |
|a Psychophysiology
|v Periodicals.
|
| 776 |
0 |
8 |
|i Online version:
|t Journal of applied biobehavioral research (Online)
|x 1751-9861
|w (DLC) 2010250802
|w (OCoLC)56106244
|
| 850 |
|
|
|a DLC
|a DNLM
|a NIC
|a NjP
|a WaU
|
| 891 |
2 |
0 |
|9 853
|8 1
|a v.
|b no.
|u 2
|v r
|i (year)
|w f
|
| 891 |
4 |
1 |
|9 863
|8 1.1
|a <3>
|b <1>
|i <1998>
|
| 994 |
|
|
|a C0
|b TXA
|
| 949 |
|
|
|a updated
|b h
|c 2012/9/11
|e coplinger
|f 9:29:48 am
|
| 999 |
|
|
|a MARS
|
| 999 |
f |
f |
|s b1a6a573-fab6-32e7-beed-7cfb32d67707
|i 2ad2be3e-be9c-3a42-9b84-d79c88982870
|t 0
|
| 952 |
f |
f |
|p ric
|a Texas A&M University
|b Rellis Campus
|c Joint Library Facility
|d Remote Storage
|t 0
|e R726.7 .J67
|h Library of Congress classification
|i unmediated -- volume
|k v.3-5
|l 1998-2000
|m A14829275035
|
| 952 |
f |
f |
|p ric
|a Texas A&M University
|b Rellis Campus
|c Joint Library Facility
|d Remote Storage
|t 0
|e R726.7 .J67
|h Library of Congress classification
|i unmediated -- volume
|k v.8
|l 2003
|m 32939000044593
|
| 952 |
f |
f |
|p ric
|a Texas A&M University
|b Rellis Campus
|c Joint Library Facility
|d Remote Storage
|t 0
|e R726.7 .J67
|h Library of Congress classification
|i unmediated -- volume
|k v.7
|l 2002
|m A14833676235
|
| 952 |
f |
f |
|p ric
|a Texas A&M University
|b Rellis Campus
|c Joint Library Facility
|d Remote Storage
|t 0
|e R726.7 .J67
|h Library of Congress classification
|i unmediated -- volume
|k v.6
|l 2001
|m A14831821355
|
| 998 |
f |
f |
|a R726.7 .J67
|s v.3-8 (1998-2003)
|t 0
|l Remote Storage
|